00561 2200193 4500001002100000005001500021035002000036245003300056100001700089250002000106300003100126856001800157260006500175082001600240084002200256020002200278650003900300650002800339INLIS00000000000005920250710115829 a0010-07250000591 aMemasak Apa? /cAnjali Nayar0 aAnjali Nayar aCetakan Pertama a20 hlm. :bIlus. ;c21 cm. aTBM AS SUHADA aRawamangun :bBadan Pengembangan dan Pembinaan Bahasa,c2022 a398.209 598 a398.209 598 NAY m a978-623-307-417-9 4aCerita Anak Indonesia - Terjemahan 4aLiterasi - Bahan bacaan